000 00401nam a2200145Ia 4500
008 231129s1992||||xx |||||||||||||| ||spa||
020 _a958-9061-61-3
040 _bspa
082 _a333.823 P462p
100 _aPerry Rubio Guillermo
245 0 _aPolitica petrolera: Economia y medio ambiente
260 _c1992
264 _aCerec-Fescol
942 _2ddc
_cBKS
999 _c23024
_d23024